000 00308nam a22000977a 4500
008 230629b xxu||||| |||| 00| 0 eng d
082 _a338.9
_bMOPND
245 _aUshirikiano kwa Ajili ya Ustawi:Mpango wa Sita wa Maendeleo
_bTafsiri Rahisi ya Mpango wa Maendeleo 1989- 1993
300 _aIX,65p
942 _2ddc
_cBK
999 _c3027
_d3027